Banky menia svoju kamennú tvár
Súčasná tvár bánk. O spôsobe komunikácie s bankou, rozhodnú klienti. Vstupom zahraničných akcionárov do naších bánk, mení sa ich personálne zloženie, systém odmeňovania ako i znižovanie vlastných nákladov . Zisk alebo strata vybraných bánk za obdobie roku 1999 až jún 2002.
Enregistré dans:
| Auteur principal: | |
|---|---|
| Format: | Chapitre de livre |
| Langue: | slovaque |
| Sujets: | |
| Tags: |
Pas de tags, Soyez le premier à ajouter un tag!
|
MARC
| LEADER | 00000naa a2200000 4500 | ||
|---|---|---|---|
| 001 | r046831 | ||
| 005 | 20230908084254.9 | ||
| 041 | 0 | |a slo | |
| 044 | |a SK | ||
| 245 | 1 | 0 | |a Banky menia svoju kamennú tvár |c Marianna Onuferová |
| 520 | |a Súčasná tvár bánk. O spôsobe komunikácie s bankou, rozhodnú klienti. Vstupom zahraničných akcionárov do naších bánk, mení sa ich personálne zloženie, systém odmeňovania ako i znižovanie vlastných nákladov . Zisk alebo strata vybraných bánk za obdobie roku 1999 až jún 2002. | ||
| 610 | 2 | 0 | |a banky |
| 610 | 2 | 0 | |a klienti |
| 610 | 2 | 0 | |a zamestnanci |
| 610 | 2 | 0 | |a reorganizácia |
| 100 | 1 | |a Onuferová, Marianna | |